| 000 | 00737nam a22002057a 4500 | ||
|---|---|---|---|
| 005 | 20240513162721.0 | ||
| 010 | _aENG-132278 | ||
| 020 |
_c360.00 _a9789390912155 |
||
| 035 | _aEN-115810 | ||
| 037 | _bDBAD/PUB | ||
| 082 |
_a343.41071 _2First Edition |
||
| 100 |
_aAmirtsetty, Raja Mogili _966133 |
||
| 245 |
_aConsumer Protection Law: _bConsumer protection Act,2019/ _cRaja Mogili Amritsetty and M. Savithri Sravanthi |
||
| 250 | _aFirst Edition | ||
| 260 |
_aHyderabad _bS.P GOGIA _c2021 |
||
| 270 |
_aOpp. High Court, Hyderabad _bHyderabad _k040-24526212 _masialawhouse12@gmail.com |
||
| 300 |
_aXI,328p. _c23.5cm.(pbk) _bSubject Index |
||
| 700 |
_aSravanthi, Savithri _966134 |
||
| 942 |
_2ddc _cEN _mAMI _h343.41071 |
||
| 999 |
_c187316 _d187316 |
||